Biggest Cities in Vanuatu on a Map - Statistics

General Stats
  • This quiz has been taken 146 times
  • The average score is 3 of 7
Answers on the Map
Answers color-coded by a green-red scale on the quiz's map according to % correct below.
 
Answer Stats
Population City % Correct
35,901 Port Vila
98%
13,397 Luganville
61%
1,951 Port-Olry
36%
1,437 Isangel
34%
2,998 Norsup
34%
1,171 Sola
31%
705 Lakatoro
30%
No matching quizzes found
Score Distribution
Percent of People with Each Score
Percentile by Number Answered
Your Score History
You have not taken this quiz